000 00592cab a2200229 4500
001 ABS60282
008 090401t1999 xxu||||| |||| 00| 0 eng d
035 _a(Sirsi) u92088
041 _aeng
245 _aCan professionals help forecasters?
260 _c1999
350 _a0
490 _aBuilding Intelligence
_vMarch 1999, 8-9(2)
650 _aCONSTRUCTION FORECASTS
650 _aCONSTRUCTION PROJECTS
650 _aENGINEERING SERVICES
650 _aFEE INCOME
650 _aPROFESSIONAL SERVICES
690 _aBlock management
_96220
942 _n0
948 _c15/03/1999
999 _c58386
_d58386